[Event "Moscow Open A 2015"]
[Site "Moscow RUS"]
[Date "2015.02.05"]
[Round "6.97"]
[White "Rozhko, Dmitry"]
[Black "Elistratov, Semen"]
[Result "1/2-1/2"]
[WhiteTitle "FM"]
[WhiteElo "2354"]
[BlackElo "2206"]
[WhiteFideId "4150430"]
[BlackFideId "24134325"]
[EventDate "2015.01.31"]

1. d4 Nf6 2. Nf3 d5 3. Bf4 c5 4. c3 Nc6 5. dxc5 e6 6. e3 Bxc5 7. Nbd2 O-O 8. Bd3
Re8 9. Ne5 Bd6 10. Nxc6 bxc6 11. Bxd6 Qxd6 12. O-O e5 13. e4 Bg4 14. Be2 Be6 15.
Qc2 Rab8 16. Rfd1 Qc5 17. Bf3 Qb6 18. b3 a5 19. Rab1 Qc5 20. Rdc1 Red8 21. h3
Qe7 22. Nf1 dxe4 23. Bxe4 Nxe4 24. Qxe4 Qg5 25. h4 Qf6 26. Qxc6 Qxh4 27. Qc7 Qg5
28. c4 Rbc8 29. Qxa5 Ra8 30. Qc5 Rxa2 31. Re1 Qf5 32. Rbd1 Rxd1 33. Rxd1 h5 34.
Re1 Qc2 35. Qe3 Rb2 36. c5 Rxb3 37. Qxe5 Rb5 38. Qxh5 Rxc5 39. Qh4 Rc8 40. Qd4
Qc3 41. Qxc3 Rxc3 42. Ne3 g6 43. Kh2 Ra3 44. g4 Kg7 45. Kg3 Kf6 46. Rb1 Kg7 47.
Rb4 Kf6 48. Kf4 Ra5 49. Rd4 Rb5 50. Nf1 Rd5 51. Rb4 Rd3 52. Ke4 Rb3 53. Rxb3
Bxb3 1/2-1/2

[Event "Moscow Open A 2015"]
[Site "Moscow RUS"]
[Date "2015.02.05"]
[Round "6.98"]
[White "Nuzhdin, Andrey"]
[Black "Golubev, Roman"]
[Result "0-1"]
[BlackTitle "FM"]
[WhiteElo "2183"]
[BlackElo "2348"]
[WhiteFideId "24130362"]
[BlackFideId "14202344"]
[EventDate "2015.01.31"]

1. d4 Nf6 2. Nf3 g6 3. Bg5 Bg7 4. e3 O-O 5. Bd3 d5 6. Nbd2 Nbd7 7. h4 c5 8. c3
Qb6 9. Rb1 e5 10. Nxe5 Nxe5 11. dxe5 Ng4 12. h5 Nxe5 13. Bc2 Bg4 14. f3 Be6 15.
b4 cxb4 16. Rxb4 Qc7 17. hxg6 fxg6 18. Rbh4 Qxc3 19. Rxh7 Rac8 20. Rxg7+ Kxg7
21. Bh6+ Kg8 22. Bxf8 Kxf8 23. Rh8+ Bg8 24. Rxg8+ Kxg8 25. Bb3 Qxe3+ 26. Kf1 Nd3
27. Bxd5+ Kf8 0-1

[Event "Moscow Open A 2015"]
[Site "Moscow RUS"]
[Date "2015.02.05"]
[Round "6.99"]
[White "Karpenko, Artem"]
[Black "Atabayev, Saparmyrat"]
[Result "0-1"]
[BlackTitle "FM"]
[WhiteElo "2188"]
[BlackElo "2332"]
[WhiteFideId "24175595"]
[BlackFideId "14000571"]
[EventDate "2015.01.31"]

1. d4 Nf6 2. c4 e6 3. g3 c5 4. d5 exd5 5. cxd5 d6 6. Nc3 g6 7. f3 Bg7 8. e4 O-O
9. Bd3 Nbd7 10. Nge2 Ne5 11. O-O a6 12. a4 c4 13. Bc2 Bh3 14. Rf2 Qb6 15. Nf4
Bd7 16. a5 Qc5 17. Ng2 b5 18. axb6 Qxb6 19. Rb1 Nfg4 20. fxg4 Nxg4 21. Qe2 Bd4
22. Nd1 f5 23. h3 Nxf2 24. Nxf2 fxe4 25. Be3 Rae8 26. Qd2 Bxe3 27. Qxe3 Qxe3 28.
Nxe3 Rf3 29. Re1 Rxg3+ 30. Kh2 Rf3 31. Nxe4 Kg7 32. Nxc4 Rxh3+ 33. Kg2 Rh5 34.
Ncxd6 Rb8 35. Nf2 Kf8 36. Be4 Rxb2 37. Bf3 Rg5+ 38. Kf1 a5 39. Ra1 a4 40. Be4
Ke7 41. Bf3 Rxf2+ 42. Kxf2 Kxd6 43. Bd1 Rxd5 44. Bxa4 Bxa4 45. Rxa4 0-1

[Event "Moscow Open A 2015"]
[Site "Moscow RUS"]
[Date "2015.02.05"]
[Round "6.100"]
[White "Kotlyar, Kirill"]
[Black "Tukubayev, K"]
[Result "1-0"]
[WhiteTitle "FM"]
[WhiteElo "2320"]
[BlackElo "2157"]
[WhiteFideId "24145599"]
[BlackFideId "13708147"]
[EventDate "2015.01.31"]

1. d4 Nf6 2. c4 e6 3. Nf3 d5 4. Nc3 c6 5. cxd5 cxd5 6. Bg5 Nc6 7. e3 Be7 8. Bd3
O-O 9. O-O Bd7 10. Ne5 Ne8 11. Qh5 f5 12. Bxe7 Qxe7 13. f4 Nf6 14. Qh4 Be8 15.
Rac1 Rc8 16. a3 Qd8 17. Rf2 a6 18. Rfc2 Na5 19. h3 Nd7 20. Qxd8 Rxd8 21. Ne2
Nxe5 22. dxe5 Nb3 23. Re1 Ba4 24. Rc7 Rf7 25. Rxf7 Kxf7 26. Bc2 Nc5 27. Rc1 Bb5
28. Nd4 Nd7 29. a4 Bc6 30. Bxf5 exf5 31. e6+ Kf6 32. Nxc6 bxc6 33. exd7 Rxd7 34.
Rxc6+ Ke7 35. Rxa6 Rb7 36. Ra5 Rxb2 37. Rxd5 Ke6 38. Re5+ Kf6 39. Kh2 Ra2 40. a5
g5 41. Rb5 Kg6 42. fxg5 Ra3 43. Re5 1-0

[Event "Moscow Open A 2015"]
[Site "Moscow RUS"]
[Date "2015.02.05"]
[Round "6.101"]
[White "Yeletsky, Ivan"]
[Black "Mamyrbay, Assad"]
[Result "0-1"]
[WhiteTitle "FM"]
[WhiteElo "2315"]
[BlackElo "2152"]
[WhiteFideId "24180327"]
[BlackFideId "13708880"]
[EventDate "2015.01.31"]

1. d4 Nf6 2. c4 g6 3. f3 e6 4. e4 c5 5. Bg5 Be7 6. dxc5 b6 7. Nc3 bxc5 8. e5 Nh5
9. Bxe7 Qxe7 10. Ne4 O-O 11. h4 f5 12. exf6 Nxf6 13. Qd6 Qg7 14. Nxc5 Nc6 15.
O-O-O Rb8 16. Rd2 Rb6 17. Kb1 Nb4 18. Qc7 Qe7 19. Ne4 Nxe4 20. Re2 Rd6 21. Re1
Nd2+ 22. Kc1 Nxa2+ 23. Kc2 Nb4+ 24. Kc1 Nb3+ 25. Kb1 Ra6 0-1

[Event "Moscow Open A 2015"]
[Site "Moscow RUS"]
[Date "2015.02.05"]
[Round "6.102"]
[White "Shandrygin, Nikita"]
[Black "Semiev, Suhrab"]
[Result "0-1"]
[BlackTitle "IM"]
[WhiteElo "2151"]
[BlackElo "2310"]
[WhiteFideId "24198668"]
[BlackFideId "14000865"]
[EventDate "2015.01.31"]

1. e4 g6 2. d4 Bg7 3. Nc3 c6 4. f4 d5 5. e5 h5 6. Nf3 Nh6 7. Be3 Bg4 8. h3 Nf5
9. Bf2 Bxf3 10. Qxf3 h4 11. Bd3 e6 12. O-O Nd7 13. Ne2 Bf8 14. b3 a6 15. c4 Be7
16. c5 a5 17. a3 b5 18. Kh2 Qc7 19. Rfc1 Nh6 20. Kh1 Nf8 21. Nc3 Rb8 22. a4 b4
23. Nb5 cxb5 24. axb5 Nd7 25. Rc2 O-O 26. Rac1 Ra8 27. Be1 Kg7 28. Qe3 Bd8 29.
Qf3 Rg8 30. Ra1 Be7 31. Rac1 Nf5 32. Bf2 a4 33. b6 Nxb6 34. cxb6 Qxb6 35. Rc6
Qd8 36. bxa4 Rxa4 37. Bxf5 gxf5 38. g4 hxg3 39. Qxg3+ Kh6 40. Qh2 Ra2 41. h4 b3
42. Rb1 Qa5 43. h5 Qd2 0-1

[Event "Moscow Open A 2015"]
[Site "Moscow RUS"]
[Date "2015.02.05"]
[Round "6.103"]
[White "Selivanov, Ivan"]
[Black "Uraev, Ivan"]
[Result "1-0"]
[BlackTitle "FM"]
[WhiteElo "2149"]
[BlackElo "2287"]
[WhiteFideId "24199060"]
[BlackFideId "4192443"]
[EventDate "2015.01.31"]

1. e4 c5 2. Nf3 d6 3. d4 cxd4 4. Nxd4 a6 5. c4 Nf6 6. Nc3 e6 7. Be3 Qc7 8. Be2
Nbd7 9. Rc1 b6 10. O-O Bb7 11. f3 Rc8 12. Qe1 Be7 13. Qg3 O-O 14. Nd5 Qd8 15.
Nxe7+ Qxe7 16. Rfd1 Rfd8 17. b4 Kh8 18. Nb3 e5 19. Qf2 d5 20. cxd5 Qxb4 21. Nd2
b5 22. Nb3 Qa4 23. Bf1 h6 24. Qd2 b4 25. g3 a5 26. Bd3 Qa3 27. Bb5 Ra8 28. Rc7
a4 29. Na1 Ba6 30. Bxa6 Rxa6 31. Qe2 b3 32. Qxa6 Qxa2 33. Nxb3 Qxb3 34. Qd3 Rb8
35. Qxb3 Rxb3 36. Kf2 g5 37. g4 Kg7 38. Ra7 a3 39. Ra1 Rb2+ 40. Kg1 Nf8 41.
R7xa3 Ng6 42. R3a2 Rb3 43. Kf2 Nd7 44. Rd2 Nf4 45. Bxf4 exf4 46. Ra7 Ne5 47. d6
Nxf3 48. d7 Nxd2 49. d8=Q Nxe4+ 50. Ke1 Re3+ 51. Kf1 1-0

[Event "Moscow Open A 2015"]
[Site "Moscow RUS"]
[Date "2015.02.05"]
[Round "6.104"]
[White "Ofitserian, Boris"]
[Black "Dovletov, Hajugurban"]
[Result "1/2-1/2"]
[WhiteTitle "FM"]
[WhiteElo "2283"]
[BlackElo "2097"]
[WhiteFideId "24199443"]
[BlackFideId "14003600"]
[EventDate "2015.01.31"]

1. d4 Nf6 2. c4 g6 3. Nc3 Bg7 4. Nf3 O-O 5. g3 c6 6. Bg2 d5 7. Qb3 dxc4 8. Qxc4
Be6 9. Qd3 Na6 10. O-O Bf5 11. Qd1 Qb6 12. e3 Rfd8 13. Qe2 c5 14. Rd1 Rac8 15.
h3 Nb4 16. g4 Be6 17. g5 Nh5 18. a3 cxd4 19. exd4 Bc4 20. Qxe7 Nc2 21. Rb1 Re8
22. Qd7 Rcd8 23. Qg4 Be6 24. Qh4 Bf5 25. Bf4 Nxd4 26. Be3 Bxb1 27. Nxd4 Qxb2 28.
Nxb1 Bxd4 29. Bxd4 Rxd4 30. Qxd4 Re1+ 31. Kh2 Qxd4 32. Rxd4 Rxb1 33. Rd7 Rb2 34.
Rxb7 Rxf2 35. Rxa7 Rd2 36. Ra4 Kg7 37. Kg1 h6 38. h4 Ng3 39. Ra7 hxg5 40. hxg5
Ne2+ 41. Kf1 Ng3+ 42. Kg1 Ne2+ 43. Kf1 Nf4 44. Bf3 Ne6 45. Ra5 Rd3 46. Kf2 Rc3
47. a4 Ra3 48. Bg4 Nd4 49. Ra8 Nc6 50. Bd7 Ne5 51. Bb5 Nf3 52. a5 Nxg5 53. a6
Ne4+ 54. Kg2 Nc5 55. Bc4 Ra4 56. Be2 Ne6 57. Kf2 Nc5 58. Kg2 Kh6 59. a7 Kg5 60.
Rc8 Rxa7 61. Rxc5+ 1/2-1/2

[Event "Moscow Open A 2015"]
[Site "Moscow RUS"]
[Date "2015.02.05"]
[Round "6.105"]
[White "Feduk, Viktor"]
[Black "Askerov, Marat"]
[Result "0-1"]
[WhiteElo "2112"]
[BlackElo "2283"]
[WhiteFideId "4173368"]
[BlackFideId "24175200"]
[EventDate "2015.01.31"]

1. f4 c5 2. Nf3 g6 3. g3 Bg7 4. Bg2 Nc6 5. O-O e6 6. d3 Nge7 7. c3 O-O 8. e4 d6
9. Qe1 b5 10. g4 b4 11. Qh4 bxc3 12. Nxc3 Ba6 13. f5 exf5 14. exf5 gxf5 15. Ng5
h6 16. gxf5 hxg5 17. Bxg5 f6 18. Nd5 fxg5 19. Qh5 Nxf5 20. Be4 Ncd4 21. Ne3 Ne2+
22. Qxe2 Nxe3 23. Qh5 Rf4 24. Rxf4 gxf4 25. Kh1 d5 26. Qh7+ Kf8 27. Rg1 Qf6 28.
Bf3 Qh6 29. Qxh6 Bxh6 30. Rg6 Bxd3 31. Rxh6 Kg7 0-1

[Event "Moscow Open A 2015"]
[Site "Moscow RUS"]
[Date "2015.02.05"]
[Round "6.106"]
[White "Romanov, Stanislav"]
[Black "Aslanov, Sergei"]
[Result "0-1"]
[WhiteElo "2107"]
[BlackElo "2273"]
[WhiteFideId "4116895"]
[BlackFideId "4180828"]
[EventDate "2015.01.31"]

1. e4 d5 2. exd5 Nf6 3. Nc3 Nxd5 4. Bc4 c6 5. Qf3 e6 6. Nge2 Be7 7. d4 O-O 8.
O-O Nd7 9. Ng3 N7f6 10. Nce4 Nxe4 11. Nxe4 Nb6 12. Bd3 Qxd4 13. Be3 Qxb2 14.
Rab1 Qe5 15. Bf4 Qa5 16. Rfe1 Nd5 17. Bd2 Qc7 18. c4 Nf6 19. Nxf6+ Bxf6 20. Rb3
e5 21. Bb1 Rd8 22. Bh6 Qe7 23. Qe4 g6 24. Rf3 Rd4 25. Qc2 Be6 26. c5 Rc4 27. Qd2
Rxc5 28. Rxf6 Qxf6 29. Bg5 Qg7 30. Bh6 Qf6 31. Bg5 Qg7 32. Bh6 Rd5 33. Qe3 Qf6
34. Bg5 Qg7 35. Bh6 Qf6 36. Bg5 Qg7 37. Bh6 Qh8 38. Be4 Rd4 39. Bc2 Rad8 40. g3
f5 41. h4 R8d7 42. Bb3 Kf7 43. Qxe5 Qxe5 44. Rxe5 Bxb3 0-1

[Event "Moscow Open A 2015"]
[Site "Moscow RUS"]
[Date "2015.02.05"]
[Round "6.107"]
[White "Shapfiullin, Ildar"]
[Black "Ageichenko, Genadi A"]
[Result "0-1"]
[BlackTitle "IM"]
[WhiteElo "2093"]
[BlackElo "2269"]
[WhiteFideId "4147146"]
[BlackFideId "4105222"]
[EventDate "2015.01.31"]

1. d4 Nf6 2. Nf3 g6 3. Bg5 Bg7 4. Nbd2 O-O 5. e4 d6 6. Bc4 b6 7. Qe2 Nc6 8.
O-O-O h6 9. Bh4 Bg4 10. c3 e5 11. Bb5 Na5 12. dxe5 dxe5 13. Nc4 Qe7 14. Ne3 Be6
15. Nd5 Bxd5 16. exd5 a6 17. Bxa6 e4 18. Bb5 Qd6 19. Bxf6 exf3 20. Qxf3 Bxf6 21.
Kb1 Bg7 22. h4 Qc5 23. Qe2 c6 24. dxc6 Nxc6 25. a4 Rfe8 26. Qf3 Ne5 27. Qe4 Red8
28. f4 Ng4 29. Rhe1 Nf6 30. Qf3 Qf5+ 31. Kc1 Rac8 32. Ba6 Rxd1+ 33. Rxd1 Re8 34.
Bb5 Re7 35. Rd8+ Kh7 36. Bd3 Ne4 37. g4 Qf6 38. g5 Qe6 39. h5 Nc5 40. Bc2 Rd7
41. Rxd7 Nxd7 42. f5 Qe1+ 43. Qd1 Qxd1+ 44. Kxd1 hxg5 45. hxg6+ fxg6 46. fxg6+
Kh6 47. Kd2 Ne5 48. b4 g4 49. Ke3 Kg5 50. Be4 Nc4+ 51. Ke2 Nd6 52. Bd3 Bxc3 53.
a5 bxa5 54. bxa5 Ne8 55. a6 Bd4 56. Be4 Ng7 57. Kd3 Ba7 58. Kc4 Kf4 59. Kd5 Nh5
60. Bh1 Kg5 61. Kc6 Kxg6 62. Kb7 Bd4 63. a7 Bxa7 64. Kxa7 Ng3 65. Bg2 Nf5 66.
Kb6 Kg5 67. Kc5 Kf4 68. Bh1 Kg3 69. Kc4 Kf2 70. Kd5 0-1

[Event "Moscow Open A 2015"]
[Site "Moscow RUS"]
[Date "2015.02.05"]
[Round "6.108"]
[White "Nazarov, Rustem"]
[Black "Mirzaev, Aziz"]
[Result "0-1"]
[BlackTitle "FM"]
[WhiteElo "2059"]
[BlackElo "2268"]
[WhiteFideId "14002280"]
[BlackFideId "4116224"]
[EventDate "2015.01.31"]

1. e4 d5 2. exd5 Qxd5 3. Nc3 Qd6 4. d4 Nf6 5. Nf3 a6 6. Be2 b5 7. O-O Nbd7 8.
Bg5 e6 9. Qd2 Bb7 10. Bf4 Qb6 11. a4 b4 12. Nd1 c5 13. Ne3 Ne4 14. Qd3 cxd4 15.
Nc4 Qc5 16. Nxd4 e5 17. Nb3 Qc7 18. Bf3 f5 19. Be3 Rd8 20. Rad1 Be7 21. Nca5 Nb6
22. Qe2 Rxd1 23. Rxd1 Nxa4 24. Nxb7 Qxb7 25. Ra1 Qb5 26. Qxb5+ axb5 27. Be2 O-O
28. Bxb5 Nxb2 29. Rb1 Nc3 30. Rxb2 Nxb5 31. Nc5 f4 32. Rxb4 fxe3 33. Rxb5 e2 34.
Nd3 e4 35. Ne1 e3 36. f3 Rd8 0-1

[Event "Moscow Open A 2015"]
[Site "Moscow RUS"]
[Date "2015.02.05"]
[Round "6.109"]
[White "Tarasov, Oleg"]
[Black "Aliyev, Ravan"]
[Result "1/2-1/2"]
[WhiteElo "2247"]
[BlackElo "2070"]
[WhiteFideId "4162870"]
[BlackFideId "13409980"]
[EventDate "2015.01.31"]

1. e4 d6 2. d4 g6 3. Nc3 Bg7 4. g3 Nc6 5. Be3 e5 6. dxe5 Nxe5 7. h3 Be6 8. Bg2
Nc4 9. Bc1 Ne7 10. Nge2 O-O 11. O-O c6 12. b3 Nb6 13. Rb1 d5 14. Be3 Qc8 15. Bc5
Re8 16. Kh2 Qc7 17. Bd4 Rad8 18. Bxg7 Kxg7 19. Qd4+ f6 20. Nf4 Bf7 21. Qc5 Qd6
22. Qxd6 Rxd6 23. Rbd1 Rdd8 24. Rfe1 d4 25. Nce2 c5 26. c4 Nc6 27. Nc1 Nb4 28.
Re2 g5 29. Nd5 N4xd5 30. cxd5 Nd7 31. Rc2 Bg6 32. b4 b6 33. bxc5 bxc5 34. Nb3
Bxe4 35. Bxe4 Rxe4 36. Nxc5 Nxc5 37. Rxc5 Kg6 38. Kg2 Kf5 39. Kf3 Rd6 40. Rc6
Rxd5 41. Rxf6+ Kxf6 42. Kxe4 Re5+ 43. Kf3 Rf5+ 44. Kg4 Rxf2 45. Rxd4 Rxa2 46.
Rd6+ Kg7 47. Kxg5 Ra5+ 48. Kg4 Ra4+ 49. Kh5 Ra5+ 50. Kh4 Ra4+ 51. g4 1/2-1/2

[Event "Moscow Open A 2015"]
[Site "Moscow RUS"]
[Date "2015.02.05"]
[Round "6.110"]
[White "Miroshnichenko, Pavel"]
[Black "Gumirov, Konstantin L"]
[Result "1-0"]
[WhiteElo "2245"]
[BlackElo "1988"]
[WhiteFideId "4188659"]
[BlackFideId "4125061"]
[EventDate "2015.01.31"]

1. e4 e5 2. Bc4 Qh4 3. Qe2 Nf6 4. Nc3 Bc5 5. Nf3 Qh5 6. Nd5 Kd8 7. d4 Nxd5 8.
dxc5 Ne7 9. Ng5 Qxe2+ 10. Kxe2 b5 11. cxb6 d5 12. exd5 Rf8 13. Nxf7+ Rxf7 14.
bxc7+ Kxc7 15. d6+ Kxd6 16. Rd1+ Kc5 17. Bxf7 Ba6+ 18. c4 Nbc6 19. b3 Rf8 20.
Ba3+ Kb6 21. Bd5 Rf4 22. Bxe7 Nxe7 23. g3 Rf6 24. Be4 Bc8 25. Rd8 Bf5 26. Bxf5
Nxf5 27. Rad1 Kc5 28. R1d5+ Kb4 29. Rxe5 1-0

[Event "Moscow Open A 2015"]
[Site "Moscow RUS"]
[Date "2015.02.05"]
[Round "6.111"]
[White "Rozanov, Pavel B."]
[Black "Baterdene, Tsogbayar"]
[Result "0-1"]
[WhiteTitle "FM"]
[WhiteElo "2241"]
[BlackElo "1977"]
[WhiteFideId "4129270"]
[BlackFideId "4901592"]
[EventDate "2015.01.31"]

1. c4 c5 2. b3 d6 3. Bb2 e5 4. e3 g6 5. g3 Bg7 6. Bg2 Nc6 7. Ne2 Nge7 8. O-O O-O
9. Nbc3 Be6 10. Nd5 Bxd5 11. cxd5 Nb4 12. e4 Nd3 13. Qc2 Nxb2 14. Qxb2 f5 15. f3
b5 16. Kh1 Bh6 17. b4 c4 18. a4 bxa4 19. Rxa4 Qb6 20. Qc3 fxe4 21. fxe4 Rf2 22.
Ng1 Bxd2 23. Qxc4 Rc8 24. Qb3 Rc3 25. Qb1 Rxf1 26. Bxf1 Rc1 27. Qd3 Qf2 28. Qf3
Qxf1 0-1

[Event "Moscow Open A 2015"]
[Site "Moscow RUS"]
[Date "2015.02.05"]
[Round "6.112"]
[White "Bazeev, German"]
[Black "Grishaev, Igor"]
[Result "1-0"]
[WhiteElo "2374"]
[BlackElo "1938"]
[WhiteFideId "24119350"]
[BlackFideId "4197925"]
[EventDate "2015.01.31"]

1. d4 f5 2. g3 g6 3. Bg2 Bg7 4. Nh3 Nf6 5. Nf4 c6 6. h4 e5 7. dxe5 Qa5+ 8. Bd2
Qxe5 9. Bc3 Qe7 10. h5 Nxh5 11. Nxh5 gxh5 12. Bxg7 Qxg7 13. Nc3 d5 14. e3 Nd7
15. Qxh5+ Kd8 16. O-O-O Nf6 17. Qh4 Be6 18. e4 fxe4 19. Nxe4 Ke7 20. Ng5 Kd7 21.
Rhe1 Bg4 22. Bh3 h5 23. f3 Rag8 24. Ne6 Qh6+ 25. Nf4 Bxh3 26. Qxh3+ Kc7 27. Re7+
Kb8 28. Qe6 Ka8 29. Kb1 Rxg3 30. Qd6 Rg7 31. Rxg7 Qxg7 32. Ne6 Qf7 33. Nc7+ Kb8
34. Nxd5+ Ka8 35. Nc7+ Kb8 36. Nb5+ Ka8 37. Qd8+ 1-0

[Event "Moscow Open A 2015"]
[Site "Moscow RUS"]
[Date "2015.02.05"]
[Round "6.113"]
[White "Derakhshani, Borna"]
[Black "Urazayev, Arystanbek"]
[Result "1-0"]
[WhiteTitle "CM"]
[WhiteElo "2081"]
[BlackElo "2205"]
[WhiteFideId "12518450"]
[BlackFideId "13709810"]
[EventDate "2015.01.31"]

1. e4 e5 2. Nf3 Nc6 3. Bc4 Nf6 4. d3 Be7 5. c3 O-O 6. O-O d6 7. Nbd2 Na5 8. Bb5
a6 9. Ba4 b5 10. Bc2 c5 11. d4 cxd4 12. cxd4 Qc7 13. Re1 Be6 14. Nf1 Rfc8 15.
Bd3 Bg4 16. d5 Qb7 17. h3 Bd7 18. Ng3 Bd8 19. Nh4 g6 20. Bg5 Nc4 21. Qf3 Nxb2
22. Bf1 Ne8 23. Bxd8 Rxd8 24. Rab1 Na4 25. Qe3 Kg7 26. Rb3 f6 27. Kh2 Rac8 28.
Qd2 Qc7 29. Nh5+ gxh5 30. Rg3+ Bg4 31. hxg4 Kh8 32. gxh5 Ng7 33. Qh6 Qf7 34.
Ree3 Nc5 35. Be2 Rc7 36. Rg6 Rf8 37. Reg3 Nxe4 38. Rxg7 Qxg7 39. Rxg7 Rxg7 40.
Ng6+ Kg8 41. Nxf8 1-0

[Event "Moscow Open A 2015"]
[Site "Moscow RUS"]
[Date "2015.02.05"]
[Round "6.114"]
[White "Taalaibekov, Tagir"]
[Black "Terekhov, Konstantin"]
[Result "0-1"]
[WhiteElo "2037"]
[BlackElo "2178"]
[WhiteFideId "13801163"]
[BlackFideId "4115856"]
[EventDate "2015.01.31"]

1. d4 Nf6 2. Nf3 d5 3. c4 e6 4. Nc3 Be7 5. Bf4 O-O 6. e3 Nh5 7. c5 Nxf4 8. exf4
b6 9. b4 a5 10. a3 Bf6 11. Be2 axb4 12. axb4 Rxa1 13. Qxa1 Nc6 14. Na2 bxc5 15.
bxc5 Bd7 16. Qc3 Qa8 17. Nc1 Qa4 18. Nb3 Rb8 19. Bd1 Qc4 20. Kd2 Rb4 21. Qxc4
dxc4 22. Na1 Nxd4 23. Nxd4 Bxd4 24. Nc2 Rb2 25. Kc1 Bf6 26. Re1 Rb5 27. Re4 Rxc5
28. Ne3 Bc6 29. Rxc4 Rxc4+ 30. Nxc4 Bxg2 31. f3 Bh3 32. Kd2 Bd4 0-1

[Event "Moscow Open A 2015"]
[Site "Moscow RUS"]
[Date "2015.02.05"]
[Round "6.115"]
[White "Zhuk, Valeriy"]
[Black "Mischeryakov, Alexey"]
[Result "0-1"]
[WhiteElo "2150"]
[BlackElo "1911"]
[WhiteFideId "24151254"]
[BlackFideId "34156434"]
[EventDate "2015.01.31"]

1. Nf3 Nf6 2. c4 g6 3. Nc3 Bg7 4. e4 d6 5. d4 O-O 6. Be2 e5 7. d5 a5 8. Bg5 h6
9. Bh4 Qe8 10. b3 Nh5 11. Nd2 Nf4 12. O-O Na6 13. a3 Bd7 14. Rb1 f5 15. b4 axb4
16. axb4 Nxe2+ 17. Qxe2 g5 18. Bxg5 hxg5 19. exf5 Bxf5 20. Nde4 Qg6 21. g4 Bxe4
22. Nxe4 Nb8 23. c5 Nd7 24. c6 bxc6 25. dxc6 Nf6 26. Ng3 Nd5 27. Nf5 Qf7 28. Qd2
Nf4 29. b5 Ra2 30. Rb2 Rxb2 31. Qxb2 Ra8 32. b6 cxb6 33. Qxb6 Ra7 34. Qd8+ Kh7
35. Qxd6 Qd5 36. Qxd5 Nxd5 37. Rd1 Nf4 38. f3 Ne2+ 39. Kf2 Nd4 40. Nxd4 exd4 41.
Ke2 Rc7 42. Rc1 Kg6 43. Kd3 Kf7 44. Ke4 Ke6 45. Rc5 Bf6 46. f4 gxf4 47. Kxf4 Kd6
48. Rf5 Bg7 49. h4 Kxc6 50. g5 Rd7 51. Ke4 d3 52. Rf1 d2 53. Rd1 Kc5 54. Ke3 Bc3
55. g6 Kc4 56. h5 Bg7 0-1

[Event "Moscow Open A 2015"]
[Site "Moscow RUS"]
[Date "2015.02.05"]
[Round "6.116"]
[White "Kruzhilin, Aleksey"]
[Black "Abelyan, Murad"]
[Result "1-0"]
[WhiteElo "2141"]
[BlackElo "1712"]
[WhiteFideId "24177547"]
[BlackFideId "346489"]
[EventDate "2015.01.31"]

1. d4 d5 2. c4 c6 3. Nf3 Nf6 4. g3 Bf5 5. Nc3 a6 6. Qb3 Ra7 7. Bf4 dxc4 8. Qxc4
Nbd7 9. Bg2 e6 10. O-O Nb6 11. Qb3 Nbd5 12. Bg5 Be7 13. Rfe1 Ne4 14. Bxe7 Qxe7
15. Ne5 Ndxc3 16. bxc3 O-O 17. g4 Qh4 18. gxf5 Qxf2+ 19. Kh1 Qh4 20. fxe6 Qh6
21. exf7+ Kh8 22. Bxe4 1-0

[Event "Moscow Open A 2015"]
[Site "Moscow RUS"]
[Date "2015.02.05"]
[Round "6.117"]
[White "Proleiko, Julian"]
[Black "Goltsev, Dmitry"]
[Result "0-1"]
[WhiteElo "1981"]
[BlackElo "2111"]
[WhiteFideId "30900255"]
[BlackFideId "24176710"]
[EventDate "2015.01.31"]

1. e4 c5 2. Ne2 e6 3. d4 cxd4 4. Nxd4 a6 5. Bd3 Qc7 6. O-O Nf6 7. c4 b6 8. Nc3
Bb7 9. Kh1 d6 10. b3 Nbd7 11. Bb2 Nc5 12. Re1 Be7 13. Bc2 O-O 14. Qe2 Rac8 15.
Rad1 Rfd8 16. Bb1 Bf8 17. f4 Ncd7 18. e5 Ne8 19. Rd3 g6 20. exd6 Bxd6 21. Rh3
Nf8 22. f5 exf5 23. Bxf5 Rb8 24. Nd5 Bxd5 25. cxd5 Ng7 26. Be4 f5 27. Bd3 Re8
28. Ne6 Ngxe6 29. dxe6 b5 30. Re3 Bf4 31. e7 Bxe3 32. Qxe3 Qd6 33. exf8=Q+ Qxf8
34. Qf2 Rxe1+ 35. Qxe1 Re8 36. Qc3 Qf6 37. Kg1 Qxc3 38. Bxc3 Re3 0-1

[Event "Moscow Open A 2015"]
[Site "Moscow RUS"]
[Date "2015.02.05"]
[Round "6.120"]
[White "Bolanos Lepere, Ulises"]
[Black "Spirin, Alexandr"]
[Result "1-0"]
[WhiteElo "1946"]
[BlackElo "1943"]
[WhiteFideId "5109604"]
[BlackFideId "4187431"]
[EventDate "2015.01.31"]

1. e4 Nc6 2. c3 e5 3. d3 Nf6 4. Nd2 d5 5. Qc2 Bd6 6. Ngf3 O-O 7. d4 Bg4 8. Be2
Ne7 9. b4 Ng6 10. h3 Be6 11. O-O Nf4 12. Re1 c6 13. Bf1 N6h5 14. Kh2 f5 15. exd5
e4 16. g3 Bxd5 1-0

[Event "Moscow Open A 2015"]
[Site "Moscow RUS"]
[Date "2015.02.06"]
[Round "7.1"]
[White "Inarkiev, Ernesto"]
[Black "Nepomniachtchi, Ian"]
[Result "1-0"]
[WhiteTitle "GM"]
[BlackTitle "GM"]
[WhiteElo "2675"]
[BlackElo "2714"]
[WhiteFideId "4162722"]
[BlackFideId "4168119"]
[EventDate "2015.01.31"]

1. e4 c5 2. Nf3 d6 3. d4 cxd4 4. Nxd4 Nf6 5. Nc3 a6 6. Be3 e5 7. Nb3 Be6 8. Qd2
Be7 9. f3 Nbd7 10. g4 b5 11. g5 Nh5 12. O-O-O Nb6 13. Nd5 Nxd5 14. exd5 Bd7 15.
Na5 Qc7 16. Kb1 O-O 17. Rg1 g6 18. c4 f6 19. Rc1 b4 20. Qxb4 Rab8 21. Qc3 fxg5
22. Bxg5 Bxg5 23. Rxg5 Nf4 24. c5 Bb5 25. Nb3 Rfe8 26. Bxb5 Rxb5 27. cxd6 Qxd6
28. Qc6 Qd8 29. Nc5 Rb6 30. Qd7 Ne2 31. Rc2 Nd4 32. Rxe5 Qxd7 33. Nxd7 Rxe5 34.
Rc8+ Kg7 35. Nxb6 Re1+ 36. Rc1 Rxc1+ 37. Kxc1 Kf6 38. f4 Ne2+ 39. Kd2 Nxf4 40.
Ke3 Kf5 41. Kd4 g5 42. a4 h5 43. b4 g4 44. Nc4 Kf6 45. b5 axb5 46. axb5 Ke7 47.
b6 Kd7 48. Ne5+ Kc8 49. Ke4 Ne2 50. d6 Nc3+ 51. Kd4 1-0

[Event "Moscow Open A 2015"]
[Site "Moscow RUS"]
[Date "2015.02.06"]
[Round "7.2"]
[White "Mamedov, Rauf"]
[Black "Grachev, Boris"]
[Result "1/2-1/2"]
[WhiteTitle "GM"]
[BlackTitle "GM"]
[WhiteElo "2642"]
[BlackElo "2670"]
[WhiteFideId "13401653"]
[BlackFideId "4129199"]
[EventDate "2015.01.31"]

1. e4 c5 2. Nf3 e6 3. c3 Nf6 4. e5 Nd5 5. Bc4 Nc6 6. O-O d6 7. d4 cxd4 8. cxd4
Be7 9. Qe2 O-O 10. Nc3 Nxc3 11. bxc3 dxe5 12. dxe5 Qa5 13. Bd2 Rd8 14. Bd3 Qa4
15. Bb5 Qa5 16. Bd3 Qa4 17. Bb5 Qa5 18. Bd3 1/2-1/2